00409 a2200145 4500010001400000020002300014035001300037037001500050082001100065100001900076245004600095260004400141270004800185300003000233 aENG-86125 a8120332102c225.00 aEN-69658 bDBAD / PUB14a651.741 aBooher, Dianna1 aWinning sales letters /cby Dianna Booher aNew DelhibPrentice Hall of Indiac2007 aM-97, Cannaught Circus,bNew Delhie110 001 axvi, 333 p.c23cm. (Pbk.)